000 00533nam a22001817a 4500
005 20260428081513.0
008 260428b |||||||| |||| 00| 0 eng d
040 _aDLSCC
041 _aasm
041 _aeng
110 _aASSEB
_bEducation
245 _aHS 1st year Education 2026
260 _aASSAM:
_bAssam State School Education Board;
_c2026
300 _a12p.
650 _aEducation
856 _uhttps://drive.google.com/file/d/1Ruw__lo_iwNk1WNpj7v1bufhUdYhKd4_/view?usp=sharing
_yCLICK TO VIEW ONLINE
942 _2ddc
_cQP
999 _c16431
_d16431